[Event "47th GER-ch Blitz 2020"]
[Site "Magdeburg"]
[Date "2020.08.15"]
[Round "6.9"]
[White "Muranyi, Karl-Jasmin"]
[Black "Zelbel, Patrick"]
[Result "1-0"]
[WhiteElo "2331"]
[BlackElo "2448"]
[Annotator "TA"]
[PlyCount "79"]
[EventDate "2020.07.28"]
[EventType "tourn"]
[EventCountry "GER"]
[SourceTitle "playchess.com"]
[Source "ChessBase"]
[SourceQuality "1"]

{[%evp 12,79,0,-28,-14,-7,-13,-9,0,-8,0,0,9,-40,-25,-33,-14,-23,-24,-45,-48,-61,-10,-11,-25,-19,-16,-37,-30,-42,-53,-58,-43,-66,-51,-43,-47,-66,-66,-212,314,314,310,314,308,299,299,253,297,290,370,385,481,481,756,754,737,746,892,480,533,538,717,710,708,702,670,642,29987,29988]} 1. d4 Nf6 2. Nf3 e6 3. c3 c5 4. g3 b6 5. Bg2 Bb7 6. O-O Be7 7. a4 a6 {A47: 1 d4 Nf6 2 Nf3 b6: Torre, London and Colle Systems.} 8. Nbd2 O-O 9. Re1 {[#]} cxd4 $146 {The position is equal.} ({Predecessor:} 9... d5 10. Ne5 cxd4 11. cxd4 Nc6 12. Ndf3 Nd7 13. Nxc6 Bxc6 14. Bf4 Bb4 15. Rf1 b5 16. axb5 Bxb5 {½-½ (24) Koch,W (2305)-Oswald,H Muenster 1992}) 10. Nxd4 Bxg2 11. Kxg2 d5 12. N2f3 Qc7 13. Bf4 Bd6 14. Bxd6 Qxd6 15. Qd2 Nbd7 16. Qf4 Qxf4 (16... e5 $15 17. Nf5 Qe6) 17. gxf4 $11 Rfc8 18. Nd2 Nc5 19. Kf3 g6 20. N2b3 Nfe4 21. Red1 Kf8 22. Ke3 Ke7 23. f3 Nd6 {Threatens to win with ...Nc4+.} 24. Kf2 Nc4 25. Ra2 {[#]} (25. Rdb1 $15) 25... b5 $4 {[%mdl 8192]} (25... Nxa4 $1 $19 {[%mdl 512] avoids the disaster.} 26. Rb1 (26. Rxa4 Nxb2) 26... Ncxb2 27. Rbxb2 Nxb2 28. Rxb2 Rxc3) 26. Nxc5 $18 Rxc5 27. axb5 a5 28. b4 {[%cal Bb2b4,Bb4a5,Ba5a6,Ba6a7][%mdl 32]} Rcc8 29. Nc6+ Kd6 30. bxa5 Kc5 31. Rb1 f6 32. a6 e5 (32... Kb6 $142 33. a7 Kb7) 33. fxe5 fxe5 34. a7 e4 35. Nb8 e3+ 36. Kg2 Kb6 37. Nd7+ Kb7 38. b6 Rc6 39. Rb5 Rd6 40. Nc5+ {Accuracy: White = 79%, Black = 55%.} 1-0

[Event "47th GER-ch Blitz 2020"]
[Site "Magdeburg"]
[Date "2020.08.15"]
[Round "6.10"]
[White "Braeuning, Rudolf Wilhelm"]
[Black "Wichmann, Cliff"]
[Result "1-0"]
[WhiteElo "2244"]
[BlackElo "2305"]
[Annotator "TA"]
[PlyCount "51"]
[EventDate "2020.07.28"]
[EventType "tourn"]
[EventCountry "GER"]
[SourceTitle "playchess.com"]
[Source "ChessBase"]
[SourceQuality "1"]

{[%evp 14,51,27,23,30,37,41,0,0,-8,0,0,0,0,0,0,8,0,25,0,1,0,16,13,29,0,509,497,502,372,368,287,352,346,347,347,395,398,656,638]} 1. e4 e6 2. d4 d5 3. Nd2 Nf6 4. e5 Nfd7 5. Bd3 c5 6. c3 Nc6 7. Ndf3 cxd4 8. cxd4 f6 {C06: French Tarrasch: 3...Nf6 4 e5 Nfd7 5 Bd3 main lines.} 9. exf6 Nxf6 10. Nh3 Bb4+ {The position is equal.} 11. Bd2 Qa5 12. Bxb4 Qxb4+ 13. Qd2 Qxd2+ 14. Kxd2 O-O 15. Rhe1 h6 16. Nhg1 {[#]} Ng4 $146 ({Predecessor:} 16... a6 17. Ne2 Bd7 18. h3 Nh5 19. Ke3 g5 20. g3 Ng7 21. g4 Rf7 22. Ne5 Nxe5 23. dxe5 {0-1 (48) Roghani,A (2324)-Gleizerov,E (2539) Teheran 2004}) 17. Re2 Bd7 18. Bb5 Nf6 19. Bxc6 Ne4+ $2 {[%mdl 8192] [#]} (19... Bxc6 $11 {and Black has nothing to worry.} 20. Rxe6 Ne4+ 21. Ke3 Bd7) 20. Rxe4 $1 $18 dxe4 21. Bxe4 Rac8 22. Rc1 b6 23. Rxc8 Bxc8 24. Ne2 Kf7 25. Ne5+ Ke7 $2 {[#]} (25... Ke8 26. Ke3 Rg8) 26. Ng6+ {[%mdl 64] Double Attack. Accuracy: White = 66%, Black = 61%.} 1-0

[Event "47th GER-ch Blitz 2020"]
[Site "Magdeburg"]
[Date "2020.08.15"]
[Round "6.11"]
[White "Bluebaum, Matthias"]
[Black "Barzen, Pascal"]
[Result "1-0"]
[WhiteElo "2647"]
[BlackElo "2321"]
[Annotator "TA"]
[PlyCount "111"]
[EventDate "2020.07.28"]
[EventType "tourn"]
[EventCountry "GER"]
[SourceTitle "playchess.com"]
[Source "ChessBase"]
[SourceQuality "1"]

{[%evp 12,110,30,22,45,49,76,70,72,72,75,57,83,75,74,63,81,61,92,94,108,125,114,88,77,44,103,118,123,94,113,25,165,79,99,97,103,101,185,-121,-102,-138,-116,-136,-81,-89,-78,-73,-69,-213,-114,-167,-160,-162,-132,-127,-106,-120,-85,-129,-81,-97,-60,-107,-67,-161,-104,-103,-59,-58,-62,-137,-13,-17,-7,-10,2,0,4,0,16,14,20,17,19,23,366,366,29974,29969,29991,29992,29992,29993,29993,29994,29997,29998,29998,29999,29999]} 1. d4 Nf6 2. c4 e6 3. Nc3 Bb4 4. e3 Bxc3+ 5. bxc3 b6 6. Bd3 Bb7 7. f3 d5 {E43: Nimzo-Indian: Rubinstein: 4...b6.} 8. cxd5 {[#]} Nxd5 $146 ({Predecessor:} 8... exd5 9. Ba3 Nbd7 10. Ne2 c5 11. O-O O-O 12. Ng3 Re8 13. Qd2 Qc7 14. Rae1 Rac8 15. Bb2 {1-0 (32) Khomeriki,N (2338)-Arvai,E (1955) Prague 2016}) 9. Ne2 O-O {White is slightly better.} 10. e4 Ne7 11. O-O Nd7 12. Be3 c5 13. Qd2 Rc8 14. Rad1 Kh8 15. Nf4 Ng6 16. Nxg6+ hxg6 17. Qf2 Qe7 18. Qg3 Kg8 (18... cxd4 $14 19. cxd4 Nf6) 19. Bf4 $16 Rfe8 20. Bd6 Qd8 21. Bb5 (21. dxc5 $1 $16 bxc5 22. Rb1) 21... c4 (21... cxd4 $1 $11 22. cxd4 a6) 22. Ba4 (22. Rb1 $18 {has better winning chances.}) 22... a6 23. Bc2 b5 24. a4 Qb6 (24... Bc6 $16 {was called for.}) 25. Rb1 $2 ({Better is} 25. e5 $1 $18) 25... e5 $1 $17 26. Bb4 exd4 27. cxd4 Qxd4+ (27... a5 $142 28. Bc5 Rxc5 29. dxc5 Qxc5+ 30. Qf2 b4) 28. Kh1 {Black must now prevent Rfd1.} Ne5 29. axb5 axb5 30. Be1 (30. Rfd1 $15 Qe3 31. Qe1 Qxe1+ 32. Bxe1) 30... Bc6 (30... c3 $1 $19 31. Qf4 Ba6) 31. Bf2 (31. Bb4 $17 {might work better.}) 31... Qc3 32. Rfc1 Nd3 33. Bxd3 Qxd3 34. h3 Red8 {And now ...c3 would win.} 35. Be1 Ra8 36. Bc3 {Qe5 is the strong threat.} Qd6 37. Qg5 Qe6 38. h4 (38. Rd1 $15 Rd7 39. Qc5) 38... Be8 ({Black should play} 38... Rd3 $19 39. h5 Kh7) 39. Rd1 Rd3 40. Rxd3 cxd3 41. Rd1 {[#]} (41. Qd2 $15) 41... Qd7 (41... b4 $1 $17 {[%mdl 512]} 42. Bd4 (42. Bxb4 Qb3) 42... Qb3) 42. Qe3 $11 Rd8 43. Ba5 Ra8 $132 {[%mdl 2048] Black is not keeping still} 44. Rxd3 Qe7 45. Be1 Ra1 {Strongly threatening ...Qxh4+.} 46. Kh2 $1 Qe5+ 47. Bg3 Qe7 48. Qb6 {aiming for Rd8.} Kh7 $2 {[%mdl 8192]} (48... Ra8 $1 $11 {and Black has nothing to worry.}) 49. Rd8 $18 Rc1 $2 {[#]} (49... Ra6 $18 50. Rxe8 (50. Qxa6 Qxd8 51. Qd6 Qxd6 $14) 50... Qxh4+ 51. Bxh4 Rxb6) 50. Qb8 $1 {White mates.} Qc5 51. Rxe8 {[%csl Gb8][%cal Re8h8]} Qg1+ 52. Kh3 {[%csl Gb8][%cal Re8h8]} Qh1+ 53. Bh2 {[%csl Gb8][%cal Re8h8]} g5 54. Rh8+ Kg6 55. h5+ Kf6 56. Qe5# {What a bad dream for Black. Accuracy: White = 59%, Black = 44%.} 1-0

[Event "47th GER-ch Blitz 2020"]
[Site "Magdeburg"]
[Date "2020.08.15"]
[Round "6.12"]
[White "Weller, Manuel"]
[Black "Baskin, Robert"]
[Result "0-1"]
[WhiteElo "2237"]
[BlackElo "2390"]
[Annotator "TA"]
[PlyCount "91"]
[EventDate "2020.07.28"]
[EventType "tourn"]
[EventCountry "GER"]
[SourceTitle "playchess.com"]
[Source "ChessBase"]
[SourceQuality "1"]

{[%evp 9,91,0,0,-13,0,4,3,11,7,-7,0,0,0,-11,-6,-8,-5,-12,-11,-24,-8,-22,-8,-12,-5,-24,-23,-11,-20,-16,-14,-15,0,-61,-4,-18,0,0,0,0,0,0,9,0,6,0,8,0,0,0,0,0,0,0,0,0,0,0,0,0,0,0,0,0,0,0,0,0,0,0,0,0,0,0,0,0,0,0,0,0,0,0,0,0]} 1. c4 Nf6 2. g3 e6 3. Bg2 d5 4. Nf3 dxc4 5. O-O a6 6. Qc2 {A13: English Opening: 1...e6.} Bd6 7. Qxc4 b5 8. Qc2 Bb7 9. b3 O-O 10. Bb2 {[#] Ng5 is the strong threat.} Nbd7 11. Nc3 c5 {[#]} 12. Rfd1 $146 ({Predecessor:} 12. a4 Qb6 13. axb5 axb5 14. Rxa8 Rxa8 15. Ra1 Rxa1+ 16. Bxa1 Qa6 17. Qd1 b4 18. Na4 {½-½ (28) Blesic,V (2369)-Kosic,D (2470) Paracin 2019}) 12... Qb6 13. e3 Rac8 14. Rac1 Rfd8 15. Qb1 Ne5 (15... Qa7 {seems wilder.} 16. d3 Qa8 17. e4 c4 18. bxc4 bxc4 19. dxc4 Bc5) 16. Nxe5 Bxe5 17. Ne2 Bxb2 18. Qxb2 Bxg2 19. Kxg2 Qb7+ 20. f3 h5 21. d4 (21. e4 $11) 21... cxd4 (21... Ng4 $1 $15 22. Qd2 e5) 22. Rxc8 {The position is equal.} Rxc8 23. Qxd4 Nd5 24. e4 Nf6 25. Rd2 Qc6 26. Qe5 Qb6 27. Qd4 Qc7 (27... Qxd4 {is interesting.} 28. Nxd4 Rd8 29. b4 e5 30. Nb3 Rxd2+ 31. Nxd2 Kf8) 28. Qe3 Qe5 29. Qd4 (29. Qa7 {looks sharper.} g5 30. Qxa6 Rc5 31. Kf2 g4 32. Qd6) 29... Qxd4 30. Nxd4 $11 {[%mdl 4096] Endgame KRN-KRN} Rd8 {[#] Threatens to win with ...e5.} 31. b4 e5 32. Nb3 Rxd2+ 33. Nxd2 {KN-KN} Kf8 34. Kf2 Ke7 35. Ke3 Nd7 36. Nb3 Kd6 37. f4 g6 38. Kd3 f6 39. a3 Nb6 40. Nc5 Nc4 41. Nxa6 Nxa3 42. Nc5 Nc4 43. Nb3 Nb6 44. Nc5 Nc8 45. Nb3 Ne7 46. Na5 {[%mdl 32768] An uneventful encounter. Accuracy: White = 97%, Black = 97%. . Loss on time!?} 0-1

[Event "47th GER-ch Blitz 2020"]
[Site "Magdeburg"]
[Date "2020.08.15"]
[Round "6.13"]
[White "Voege, Tobias"]
[Black "Ehmann, Thilo"]
[Result "1-0"]
[WhiteElo "2326"]
[BlackElo "2329"]
[Annotator "TA"]
[PlyCount "123"]
[EventDate "2020.07.28"]
[EventType "tourn"]
[EventCountry "GER"]
[SourceTitle "playchess.com"]
[Source "ChessBase"]
[SourceQuality "1"]

{[%evp 13,122,6,31,32,66,30,72,68,50,64,49,68,47,12,20,20,22,4,22,19,29,17,21,-27,19,-8,-6,-16,0,0,0,0,42,49,629,630,639,625,632,592,698,690,735,718,778,778,762,705,741,652,1142,641,679,679,668,657,769,758,1045,1095,1030,722,719,733,693,676,958,989,1280,1292,1286,1289,1179,1193,29984,29985,29984,1757,1583,1461,1046,1018,1894,1789,29983,1628,1314,854,814,773,2233,2143,29991,1495,1276,1209,953,-360,-345,-345,0,0,889,394,1657,1452,1340,1060,29986,29987,29999]} 1. d4 Nf6 2. c4 g6 3. Nc3 Bg7 4. Nf3 O-O 5. Bg5 h6 6. Bh4 d6 7. e3 Nc6 8. Be2 {E61: King's Indian: Early deviations for White, including Smyslov System.} Bf5 9. O-O {[#]} Ne4 $146 ({Predecessor:} 9... g5 10. Bg3 Ne4 11. Nxe4 Bxe4 12. Nd2 Bg6 13. d5 Nb4 14. Qb3 a5 15. Rac1 c5 16. f4 a4 17. Qa3 e6 18. e4 gxf4 19. Bxf4 exd5 20. cxd5 {1-0 (76) Ghaem Maghami,E (2604)-Popovic,D (2554) ICC INT 2009}) 10. Nxe4 {White is better.} Bxe4 11. Nd2 Bf5 12. f4 Nb4 13. Bf2 (13. g4 $5 {[%cal Rg4f5]} Bc2 14. Qc1 $11) 13... Nd3 14. Bxd3 Bxd3 15. Re1 Bf5 16. e4 Bd7 17. e5 c6 18. d5 Bf5 19. Qf3 cxd5 20. cxd5 Rc8 21. Nb3 dxe5 22. fxe5 e6 23. d6 Bd3 $2 {[%mdl 8192]} (23... f6 $14) 24. Qxd3 $18 b6 25. Rac1 Qd7 26. Qd2 h5 27. Bd4 Kh7 28. Rxc8 Rxc8 29. Rc1 Rf8 30. Qe2 Qa4 31. Rd1 Qxa2 32. Qc2 {[#] Hoping for Ra1.} Qa4 33. Ra1 Qb5 34. Qc3 Qd7 35. Nd2 h4 36. Ne4 Qb7 37. Nf6+ Bxf6 38. exf6 Qd5 39. Be5 Kg8 40. Qd4 Qb5 41. Re1 h3 42. Qh4 Qc5+ 43. Kh1 hxg2+ 44. Kxg2 Qc2+ 45. Qf2 (45. Kg1 $142 g5 46. Qxg5+ Qg6 47. Qxg6+ fxg6 48. Rd1 Kf7 49. d7 Rd8 50. Bc7 Rxd7 51. Rxd7+ Kxf6 52. Kf2) 45... Qc6+ 46. Qf3 Qc2+ 47. Re2 Qd1 48. Qe3 {White threatens Kf2 and mate.} Rc8 {[#]} 49. Kf2 (49. d7 $142 $1 Rd8 (49... Qxd7 50. Qh6) 50. Kf2 Qb1 51. Qh6 Qf5+ 52. Kg3 Qd3+ 53. Re3 Qxe3+ 54. Qxe3) 49... Rc1 50. Re1 Rc2+ 51. Kg3 Qh5 52. h4 {White wants to mate with d7.} Qf5 53. Qf4 (53. d7 $142 Kh7 54. d8=Q g5 55. hxg5 Rh2 56. Kxh2 b5 57. Rh1 Qg4 58. Qed3+ {[%mdl 64] Double Attack} Qf5 59. Kg3+ Kg6 60. Qg8#) 53... Qd3+ 54. Qf3 Qd2 55. Rf1 $4 {[%mdl 8192]} (55. Rh1 $18) 55... Qh2+ $19 56. Kg4 Rc4+ $2 (56... Qxe5 $19 57. d7 Qd4+ {[%mdl 64] Double Attack} 58. Kh3 Qxd7) 57. Bf4 $11 Qc2 $2 {[%mdl 8192]} (57... Rxf4+ $11 58. Qxf4 Qg2+ 59. Qg3 Qxf1) 58. h5 (58. Kg3 $142 Rd4 59. Be3) 58... g5 $2 (58... e5 59. d7 Rd4 {[%mdl 64] Pin}) 59. Kxg5 $18 {Qg4 would kill now.} Qf5+ 60. Kh4 {Intending Rg1+ and mate.} e5 61. Qg3+ Kh7 62. Qg7# {Never resign too early! Accuracy: White = 60%, Black = 36%.} 1-0

[Event "47th GER-ch Blitz 2020"]
[Site "Magdeburg"]
[Date "2020.08.15"]
[Round "6.14"]
[White "Holtel, Jasper"]
[Black "Braun, Georg"]
[Result "1/2-1/2"]
[WhiteElo "2305"]
[BlackElo "2360"]
[Annotator "TA"]
[PlyCount "107"]
[EventDate "2020.07.28"]
[EventType "tourn"]
[EventCountry "GER"]
[SourceTitle "playchess.com"]
[Source "ChessBase"]
[SourceQuality "1"]

{[%evp 17,107,9,29,19,12,21,25,18,29,-52,-56,-65,12,16,25,0,29,20,27,8,4,18,12,4,8,8,8,6,12,11,9,-90,-84,-108,-67,-61,-71,-70,-66,-252,-267,-260,-251,-268,-291,-265,-151,-170,0,0,8,8,918,0,0,0,0,0,0,0,0,0,0,0,0,0,8,0,0,-45,-13,-16,-28,-145,-147,-206,-211,-197,-151,-177,-79,-135,-8,-8,-8,-8,-8,-8,-8,-8,-8,-8]} 1. e4 c6 2. d4 d5 3. exd5 cxd5 4. c4 Nf6 5. Nc3 g6 6. Qb3 Bg7 7. cxd5 O-O 8. Be2 Na6 9. Bf3 Qb6 10. Nge2 {B14: Caro-Kann: Panov-Botvinnik Attack with 5...e6 and 5...g6.} Qxb3 11. axb3 Nb4 12. O-O {White has an edge.} Rd8 {[%cal Rf6d5]} 13. Nf4 ({White should try} 13. Ra5 $11) 13... g5 {[%mdl 1024] Black has compensation.} 14. Nh5 {[#]} Nc2 $146 (14... Nxh5 $1 $15 15. Bxh5 h6) ({Predecessor:} 14... Nxh5 15. Bxh5 Nxd5 16. Bxg5 Bxd4 17. Rad1 Bxc3 18. bxc3 Be6 19. c4 Nc3 20. Rxd8+ Rxd8 21. Bxe7 {½-½ (35) Zumsande,M (2391)-Turov,M (2536) playchess.com INT 2004}) 15. Ra4 $11 {[%cal Ba1a4,Ba4c4,Bc4c7][%mdl 32]} Bd7 16. Rc4 b5 17. Rc7 Nxd4 18. Nxg7 Nxf3+ 19. gxf3 Kxg7 20. Bxg5 {Black must now prevent d6!} b4 $132 {[%mdl 2048] Black is not holding back} 21. Bxf6+ $1 exf6 22. Ne4 Bb5 $1 {[%cal Rb5f1]} 23. Rd1 {Threatens to win with Ng3.} Be2 24. Rd2 (24. Rd4 $11 Bxf3 25. Nxf6) 24... Bxf3 $17 25. Ng3 Bxd5 26. Nf5+ Kf8 27. h4 a5 {[%cal Ba7a5,Ba5a4][%mdl 32]} 28. Ne3 $2 (28. Rc5 $15 Bxb3 29. Rxa5 $1 {[%mdl 512]}) 28... Bxb3 $19 29. Rxd8+ Rxd8 {[%mdl 4096] Endgame KRB-KRN} 30. Ra7 a4 {And now ...Rd2 would win.} 31. Rb7 h5 (31... Rd2 $19 32. Nf5 Ke8 33. Rxb4 Rxb2) 32. Rxb4 $17 f5 $2 (32... Rd2 $19 33. Nf5 Kg8) 33. Nxf5 $11 f6 34. Nd4 Bd1 $2 {[%mdl 8192]} (34... Kg8 $11) 35. Kf1 $2 (35. Ne6+ $18 Ke7 36. Nxd8) 35... Re8 36. Nf5 Re5 37. Ne3 Bb3 38. Ke1 Ke7 39. Kd2 Kd6 40. Rb6+ Ke7 41. f4 Re4 42. Nf5+ Kd7 43. Rxf6 Rxf4 {Strongly threatening ...Be6.} 44. Ke3 Rf1 {...Bc2 is the strong threat.} 45. Kd4 (45. Rd6+ $1 $11 {keeps the balance.} Kc7 46. Ng3) 45... Rf2 $17 46. Rd6+ (46. Rf8 $17) 46... Kc7 $19 47. Rf6 Rxb2 {aiming for ...a3.} 48. Kc3 {[#]} Rf2 (48... Rc2+ $1 $19 {is more deadly.} 49. Kb4 Rc4+ 50. Ka3 Rf4) 49. Ng7 (49. Kb4 $142) 49... Rxf6 ({Black should play} 49... Rc2+ $17 50. Kb4 Rc4+ 51. Ka3 Rxh4 52. Ne6+ Kd7 53. Nc5+ Ke7) 50. Ne8+ $11 {The position is equal.} Kd8 51. Nxf6 Bf7 52. Kb4 Ke7 {[#]} 53. Nxh5 $1 {[%mdl 512]} Bxh5 54. Kxa4 {Accuracy: White = 62%, Black = 69%.} 1/2-1/2

[Event "47th GER-ch Blitz 2020"]
[Site "Magdeburg"]
[Date "2020.08.15"]
[Round "6.15"]
[White "Langrock, Hannes"]
[Black "Siebrecht, Sebastian"]
[Result "1-0"]
[WhiteElo "2346"]
[BlackElo "2429"]
[Annotator "TA"]
[PlyCount "83"]
[EventDate "2020.07.28"]
[EventType "tourn"]
[EventCountry "GER"]
[SourceTitle "playchess.com"]
[Source "ChessBase"]
[SourceQuality "1"]

{[%evp 16,83,41,11,41,0,66,79,79,52,40,38,55,1,61,0,120,15,97,41,97,96,99,110,140,124,150,139,164,185,183,177,344,327,333,348,327,338,328,327,685,680,749,733,802,792,1043,1021,1246,1192,1918,3031,12841,12841,12843,12843,12843,12840,12845,12840,12841,12841,12841,12840,29988,12845,12846,12846,12847,12846]} 1. d4 g6 2. c4 Bg7 3. g3 d6 4. Bg2 Nf6 5. Nf3 O-O 6. O-O Nbd7 7. Nc3 a6 8. e4 e5 9. h3 Rb8 {E68: King's Indian: Fianchetto: 6...Nbd7 7 0-0 e5 8 e4.} (9... b5 $5) 10. Qc2 c6 (10... exd4 $11 11. Nxd4 Ne5) 11. Rd1 $14 Re8 {White is better.} 12. Be3 exd4 13. Nxd4 Qc7 {[#]} 14. f4 $146 (14. a4 $14) ({Predecessor:} 14. Rac1 Ne5 15. b3 c5 16. Nde2 b5 17. f4 Ned7 18. Qd3 b4 19. Nd5 Nxd5 20. cxd5 {1-0 (39) Donchenko,A (2650)-Shchekachev,A (2529) Nancy 2020}) 14... h5 (14... c5 $1 $11 15. Ndb5 axb5) 15. Nf3 (15. Rac1 $14) 15... a5 (15... b5 $11) 16. Bf2 (16. Ng5 $16) 16... a4 (16... b5 $11 {keeps the balance.}) 17. Rab1 (17. Ng5 $16) 17... Ra8 ({Black should play} 17... b5 $14) 18. Rd2 $36 {[%mdl 2048] Black is under strong pressure. White stays focused until the end.} Nb6 19. Bf1 Nfd7 20. Bd4 Bxd4+ 21. Rxd4 Nc5 22. Rbd1 Be6 23. f5 ({Stronger than} 23. Rxd6 Bxc4 24. Ne5 Bxf1 $11) 23... Bxc4 $2 {[#]} (23... d5) 24. Bxc4 $18 d5 25. exd5 Qxg3+ 26. Qg2 Qxg2+ 27. Kxg2 cxd5 $2 (27... gxf5 28. Ng5 Ra5 29. dxc6 Nxc4) 28. Nxd5 Nxc4 29. Rxc4 Nd7 30. Nc7 Re2+ 31. Kf1 Nb6 32. Nxa8 {[#] aiming for f6.} Rxb2 33. Nxb6 {Threatening mate with f6.} Rxb6 34. fxg6 Rxg6 35. Rxa4 Rb6 36. Rad4 Rb2 37. R1d2 Rb1+ 38. Kf2 b5 39. h4 b4 40. Rc4 (40. Rf4 $142 Rc1 41. Rxb4 Rc5 42. a4 Kf8 43. Ra2 Ra5 44. Rb5 Ra6 45. Rxh5) 40... b3 41. axb3 Rxb3 42. Rc5 {Accuracy: White = 59%, Black = 25%.} 1-0

[Event "47th GER-ch Blitz 2020"]
[Site "Magdeburg"]
[Date "2020.08.15"]
[Round "7.1"]
[White "Siebrecht, Sebastian"]
[Black "Donchenko, Alexander"]
[Result "0-1"]
[WhiteElo "2429"]
[BlackElo "2646"]
[Annotator "TA"]
[PlyCount "49"]
[EventDate "2020.07.28"]
[EventType "tourn"]
[EventCountry "GER"]
[SourceTitle "playchess.com"]
[Source "ChessBase"]
[SourceQuality "1"]

{[%evp 17,49,15,20,-29,-15,-27,0,0,0,0,88,35,20,26,11,39,64,0,0,0,-3,-18,0,0,24,-34,-41,-124,-106,-141,-166,-401,57,-865]} 1. Nf3 Nf6 2. c4 b6 3. Nc3 Bb7 4. d4 e6 5. Bg5 h6 6. Bh4 Bb4 7. Qc2 g5 8. Bg3 Ne4 9. e3 f5 10. Nd2 {[%cal Rc3e4] E13: Queen's Indian/Nimzo-Indian hybrid: 4 Nc3 Bb7 5 Bg5 h6 6 Bh4 Bb4.} (10. Bd3 {looks sharper.} h5 11. h4 Nxg3 12. fxg3 Bd6 13. O-O-O) 10... Bxc3 11. bxc3 Nxd2 $5 {[%mdl 4] An interesting side line.} 12. Qxd2 {The position is equal.} d6 $1 13. h4 Qf6 {[#]} (13... g4 $11 {keeps the balance.}) 14. hxg5 $146 (14. c5 $16) ({Predecessor:} 14. c5 bxc5 15. hxg5 hxg5 16. Rxh8+ Qxh8 17. dxc5 Na6 18. cxd6 O-O-O 19. Rb1 {½-½ (34) Jakobsen,O (2381)-Berg,E (2495) Malmo 2003}) 14... hxg5 $14 15. Rxh8+ Qxh8 16. c5 $1 {[%cal Rc5d6]} Ke7 17. a4 (17. cxd6+ $14 cxd6 18. f3) 17... Nc6 $11 18. cxd6+ cxd6 19. c4 Rd8 20. f3 e5 21. d5 (21. O-O-O $11) 21... Na5 $1 $15 {[%cal Ra5b3] And now ...Nb3 would win.} 22. Rb1 (22. Qc2 $15) 22... Rc8 23. Rb4 Ba6 {[%cal Ra6c4]} 24. Qc3 $2 {[#]} (24. Qc2 {is a better defense.} Rf8 25. Qd3) 24... Rc7 $2 ({Better is} 24... f4 $19 25. exf4 gxf4 26. Bxf4 exf4 27. Qxh8 Rxh8) 25. Bf2 $2 {[%mdl 8192] Accuracy: White = 40%, Black = 70%.} (25. f4 $14) 0-1